|
|
|
|
| LEADER |
01092nam a22003372a 4500 |
| 001 |
000135250 |
| 003 |
CZ BrMZK |
| 005 |
20070411074319.0 |
| 007 |
ta |
| 008 |
970103s1986 xr f cze d |
| 015 |
|
|
|a cnb000014328
|
| 035 |
|
|
|a (OCoLC)17621802
|
| 040 |
|
|
|a BOA001
|b cze
|
| 041 |
0 |
|
|a cze
|b rus
|
| 080 |
9 |
|
|a 519.816
|
| 100 |
1 |
|
|a Fotr, Jiří,
|d 1938-
|7 jn19981001221
|4 aut
|
| 245 |
1 |
0 |
|a Exaktní metody ekonomického rozhodování /
|c Jiří Fotr, Milan Píšek
|
| 250 |
|
|
|a 1. vyd.
|
| 260 |
|
|
|a Praha :
|b Academia,
|c 1986
|
| 300 |
|
|
|a 165 s.
|
| 490 |
1 |
|
|a Studie ČSAV ;
|v č. 6
|
| 504 |
|
|
|a Obsahuje bibliografii
|
| 546 |
|
|
|a Ruské resumé
|
| 700 |
1 |
|
|a Píšek, Milan,
|d 1932-
|7 ntka173832
|4 aut
|
| 830 |
|
0 |
|a Studie ČSAV
|
| 910 |
|
|
|a BOA001
|b TK-0227.720
|b 2-0903.420
|
| 920 |
|
|
|a 000235557
|
| 964 |
|
|
|a Rozhodovací procesy - ekonomika
|
| 990 |
|
|
|a BK
|
| 996 |
7 |
|
|b 2619897874
|c 2-0903.420
|l MZK
|r Sklad / do 1 hodiny
|n 41
|w 000135250
|u 000020
|a 1
|e BOA001
|j MZK50
|s A
|
| 996 |
7 |
|
|b 2629983002
|c TK-0227.720
|l MZK
|r Sklad / do 24 hodin
|n 22
|w 000135250
|u 000010
|a 1
|e BOA001
|j MZK50
|s A
|